000 00589cam a2200229ua 4500
020 _a81-203-0336-9
_c195.00
041 _aeng
_h
082 _a005.7406
_bMAR/CO
100 _aMartin, James .
245 _aComputer database organization /
_cJames Martin.
_hTextual Documents
250 _a2 /
_b.
260 _aNew Delhi :
_bPrentice Hall of India Pvt Ltd. ,
_c2000.
300 _a713 ; .
365 _a195.00
504 _a
650 _aComputer Database
650 _aComputers
942 _cBK
999 _c405
_d405